000 00950nam a2200265Ia 4500
003 OSt
005 20220923211156.0
006 a|||||r|||| 00| 0
007 ta
008 Pun
020 _a8187762519
_c300
024 _a260,752
037 _b640, 22/03/2012, H.K. Prakashan
_cTextual
040 _aARTS
_cARTS
_bPun
041 _2Pun
_aPun
082 _aO153,6NRA1:g, P8
100 _aਰਣਬੀਰ ਕੌਰ
_9159164
245 0 _aਸਵੈ ਦੇ ਆਰ ਪਾਰ
_b ਪੰਜਾਬੀ ਸਾਹਿਤਕ ਸਵੈਜੀਵਨੀ ਦਾ ਆਲੋਚਨਾਤਮਕ ਅਧਿਐਨ
260 _aਦਿੱਲੀ
_b ਐੱਚ ਕੇ ਪ੍ਰਕਾFਨ
_c2008
300 _a231ਪੰ
_ccm.
650 _a ਪੰਜਾਬੀ ਸਾਹਿਤ
650 _aਪੰਜਾਬੀ ਸਾਹਿਤ
942 _hO153,6NRA1:g, P8
_cTEXL
_2CC
999 _c296350
_d296350